Új emléktábla
Elmentve itt :
| Szerző: | |
|---|---|
| Dokumentumtípus: | Cikk |
| Megjelent: |
1977-02-01
|
| Sorozat: | Délmagyarország
67 No. 26 |
| Kulcsszavak: | Magyar Ede, szobrászat |
| Online Access: | http://dmarchiv.bibl.u-szeged.hu/97122 |
| LEADER | 00446nab a2200157 i 4500 | ||
|---|---|---|---|
| 001 | delm97122 | ||
| 005 | 20190605105053.0 | ||
| 008 | 190605s1977 hu o 0|| hun d | ||
| 040 | |a SZTE Délmagyarország Archívum |b hun | ||
| 041 | |a hun | ||
| 100 | 2 | |a Ács S. Sándor | |
| 245 | 1 | 0 | |a Új emléktábla |h [elektronikus dokumentum] / |c Ács S. Sándor |
| 260 | |c 1977-02-01 | ||
| 300 | |a 8 | ||
| 490 | 0 | |a Délmagyarország |v 67 No. 26 | |
| 695 | |a Magyar Ede, szobrászat | ||